00568pam a2200181 a 4500020001100000040002500011041001300036082001600049100002400065245007300089260002500162300002300187365001100210653003100221930000900252999001500261952011000276 c795.00 aMedical College Lib. aENGhENG a616.07bRAB aRaab, Stephen s. . aYear Book of Pathology and Laboratory - 2003 / chTextual Documents a : bMosby , c2003. a578 : b11 ; c .  a795.00 aPathologyaMedical Science a6452 c6451d6451 00104070aMCPbMCPd1900-01-01g795.00l0o616.07 RABpMCP-9984r2023-02-06 00:00:00t1w2023-02-06yBK